Points North (Record no. 80379)

MARC details
000 -LEADER
fixed length control field 01050cab a22001935a 4500
001 - CONTROL NUMBER
control field L144197
008 - FIXED-LENGTH DATA ELEMENTS--GENERAL INFORMATION
fixed length control field 080703s2008 xxko f s 000 0 eng d
035 ## - SYSTEM CONTROL NUMBER
System control number (Sirsi) u144197
041 0# - LANGUAGE CODE
Language code of text/sound track or separate title eng
100 1# - MAIN ENTRY--PERSONAL NAME
Personal name Meneray, Steve
245 00 - TITLE STATEMENT
Title Points North
260 ## - PUBLICATION, DISTRIBUTION, ETC.
Date of publication, distribution, etc. 2008
490 ## - SERIES STATEMENT
Series statement Housebuilder
Volume/sequential designation 67(5) June 2008, 14-15(2)
520 ## - SUMMARY, ETC.
Summary, etc. Discusses the impact on local builders of the credit crunch and a first quarter fall in new home starts of 19%. Small to medium housebuilders were reticent to discuss the topic, but those who were interviewed consistently stated that trading conditions were tough and that incentives and profits from other parts of the company were helping to keep their businesses commercially viable. Also mentions that sales in certain price ranges have fallen noticeably as a result of difficulties obtaining consumer credit.
590 ## - LOCAL NOTE (RLIN)
Local note KA
651 #4 - SUBJECT ADDED ENTRY--GEOGRAPHIC NAME
Geographic name England and Wales
Chronological subdivision 1543-
690 ## - LOCAL SUBJECT ADDED ENTRY--TOPICAL TERM (OCLC, RLIN)
Topical term or geographic name as entry element PROPERTY-RESIDENTIAL PROPERTY-DOMESTIC RESIDENTIAL PROPERTY-HOUSING-HOUSES-DETACHED AND SEMI DETACHED HOUSES
942 ## - ADDED ENTRY ELEMENTS (KOHA)
Suppress in OPAC 0
Holdings
Withdrawn status Lost status Source of classification or shelving scheme Damaged status Not for loan Home library Current library Shelving location Date acquired Total Checkouts Full call number Barcode Date last seen Copy number Price effective from Koha item type
    Dewey Decimal Classification     London London Journal article 03/07/2008   L144197 144197-1001 06/08/2019 1 06/08/2019 Journal article